banner-ar

حركه الاصلاح فى التراث الاسلامى / (Record no. 62632)

MARC details
000 -الفاتح
حقل البيانات ثابتة الطول 01058nam a22002657a 4500
005 - وقت وتاريخ اخر تعامل مع التسجيلة
رقم الضبط 20240530110559.0
008 - عناصر البيانات ثابتة الطول - معلومات عامة
حقل البيانات ثابتة الطول 160903s2013 ua g 000 0dara d
017 ## - رقم الايداع القانونى
رقم الايداع القانونى 2013/13811
المصدر ( الهيئة المختصة) مصر . دار الكتب المصرية
020 ## - الرقم الدولى المعيارى للكتب
الرقم الدولى المعيارى للكتاب 9789774484377
040 ## - مصدر الفهرسة
وكالة الفهرسة الأصلية EG-CaGPL
082 04 - رقم تصنيف ديوى العشرى
رقم الطبعة 21
رقم التصنيف 218\
رقم المادة ب ح
100 1# - المدخل الرئيسى - إسم شخصى
الإسم الشخصى برو، شارل سان .
245 10 - بيان العنوان
العنوان حركه الاصلاح فى التراث الاسلامى /
بيان المسئوليه,etc تاليف شارل سان برو ؛ ترجمة و تقديم اسامة نبيل .
250 ## - بيان الطبعة
بيان الطبعة ط1
260 ## - PUBLICATION, DISTRIBUTION, ETC. (IMPRINT)
تاريخ النشر أو التوزيع 2013 .
300 ## - الوصف المادى
التعداد 192ص ؛
أبعاد الوعاء 24 سم .
490 0# - بيان السلسلة
عنوان السلسلة المشروع القومى للترجمة
رقم المجلد/ التعيين التسلسلي 2148
504 ## - تبصرة ببليوجرافية
تبصرة ببليوجرافية,الخ ببليوجرافيه : ص 180 - 189
650 04 - المدخل الاضافى بالموضوع-مصطلح موضوعى
مصطلح موضوعي الحركات الاصلاحيه .
650 04 - المدخل الاضافى بالموضوع-مصطلح موضوعى
مصطلح موضوعي السنه النبويه .
650 04 - المدخل الاضافى بالموضوع-مصطلح موضوعى
مصطلح موضوعي التيار الاصلاحى السلفى .
700 0# - المدخل الاضافى - اسم شخصى
الإسم الشخصى اسامه نبيل
الدور مترجم .
942 ## - عناصر المدخل الإضافي( كوها)
مصدر التصنيف او مخطط الترفيف Dewey Decimal Classification
Koha [default] item type كتاب
260 ## - PUBLICATION, DISTRIBUTION, ETC. (IMPRINT)
-- القاهره :
-- الهيئه المصريه العامه للكتاب ،
Holdings
حالة التراجع حالة الفقد حالة تلف ليس للاعارة المكان المؤقت الموقع الحالى تاريخ الاكتساب اجمالي اﻻعارات رقم الطلب الباركود تاريخ اخر مشاهدة تاريخ تفعيل السعر نوع وعاء كوها
        مكتبة القاهرة الكبرى مكتبة القاهرة الكبرى 09/03/2016   218\ ب ح 162418 09/03/2016 09/03/2016 كتاب

Powered By

EGPV